000 01405nam a22003257a 4500
003 OSt
005 20260316155513.0
008 260316b |||||||| |||| 00| 0 eng d
020 _a978-0801610653
040 _aDNLM/DLC
_cOGU
_dDLC
050 0 0 _aRD731
_b.C28 1987
060 _aWE 168 C192o
082 0 0 _a617/.3
_219
100 _aCampbell C. Willis
_eContributor
245 0 0 _aCampbell's operative orthopaedics.
_b4 Volume Set.
_cby Willis C. Campbell
250 _a7th ed.
260 _aSt. Louis :
_bMosby,
_cc1987.
300 _a4 v. (xv, 3374 p.) :
_bill. (some col.) ;
_c29 cm.
336 _atext
_btxt
_2rdacontent
337 _aunmediated
_bn
_2rdamedia
338 _avolume
_bnc
_2rdacarrier
504 _aIncludes bibliographies and index.
505 0 _av. 1. General principles -- The hand -- Microsurgery -- Amputations -- Infections -- v. 2. Tumors -- Nontraumatic bone and joint disorders -- Arthrodesis -- Arthroplasty -- v. 3. Fractures -- Dislocations -- Disorders of muscles, tendons, and associated structures -- Traumatic disorders of joints -- v. 4. Arthroscopy -- Congenital anomalies -- Nervous system disorders -- The spine.
650 0 _aOrthopedic surgery.
650 2 _aOrthopedics.
700 1 _aCrenshaw, A. H.
_q(Andrew Hoyt),
_d1920-
_eContributor
740 0 _aOperative orthopaedics.
906 _a7
_bcbc
_corignew
_d1
_eocip
_f19
_gy-gencatlg
942 _2lcc
_cBK
_n0
999 _c3468
_d3468